| 000 | 01121nam a2200253Ia 4500 | ||
|---|---|---|---|
| 999 |
_c54753 _d54753 |
||
| 001 | 21820 | ||
| 003 | GE_BSU | ||
| 005 | 20220523163426.0 | ||
| 008 | 181216s2007||||ge |||||||||||||| ||geo|| | ||
| 020 | _a99941-10-001-7 | ||
| 040 | _cGE_BSU | ||
| 041 | _ageo | ||
| 080 | _a811.353.1-8(075.3) მ-40 | ||
| 100 |
_aმაღლაკელიძე, ნათელა _913562 |
||
| 245 |
_aქართული 2 კლასი : _bმოსწავლის სახელმძღვანელო / _cნათელა მაღლაკელიძე, ცისანა ყურაშვილი, ელენე მაღლაკელიძე. |
||
| 264 |
_aთბილისი : _bმერიდიანი, _c2007. |
||
| 300 |
_a144 გვ. : _b ილ. ; _c29 სმ. |
||
| 541 | _h8 ლ. | ||
| 653 | _aქართული 2 კლასი | ||
| 653 | _aქართული ენა | ||
| 700 |
_aყურაშვილი, ცისანა _eავტორი _913810 |
||
| 700 |
_aმაღლაკელიძე, ელენე _eავტორი _913811 |
||
| 942 |
_cBK _2udc |
||